| 000 | 00510nam a22002057a 4500 | ||
|---|---|---|---|
| 999 |
_c7563 _d7563 |
||
| 003 | OSt | ||
| 005 | 20211202132915.0 | ||
| 008 | 211202b ||||| |||| 00| 0 eng d | ||
| 020 | _a0273655523 | ||
| 040 | _cDDC | ||
| 082 | _a657 FRA 2002 | ||
| 100 |
_aFrank, Wood _915477 |
||
| 245 | _aBusiness Acccounting 1 | ||
| 250 | _a9th ed. | ||
| 260 |
_aNew York: _bPrentice Hall; _c2002, |
||
| 300 |
_axix,683p.; _c25cm. |
||
| 504 | _aIncludes Index. | ||
| 650 |
_aBusiness Accounting. _912810 |
||
| 942 |
_2ddc _cBOOK |
||